000
00263nam a2200097Ia 4500
001
1250502
005
20251031150857.0
008
251031s9999 xx 000 0 und d
245
0
_c
HATİCE KÜBRA TONGAR
_a
I-1 ALLAH'IM BEN GELDİM
260
_b
HAYY KİTAP YAYINLARI
999
_c
1250502
_d
1250502